[Event "Gachantiva Boyaca Cup"]
[Site "Gachantiva"]
[Date "2016.06.04"]
[Round "2"]
[White "Martinez Zuluaica, Julian"]
[Black "Reyes Mahecha, Fernando"]
[Result "1-0"]
[WhiteElo "2198"]
[BlackElo "1733"]
[PlyCount "50"]
[EventDate "2016.06.04"]
[EventType "swiss"]
[EventRounds "6"]
[EventCountry "COL"]
[SourceTitle "CBM 172 Extra"]
[Source "ChessBase"]
[SourceDate "2016.06.21"]
[SourceVersion "1"]
[SourceVersionDate "2016.06.21"]
[SourceQuality "1"]

1. e4 e5 2. Nf3 Nc6 3. Bc4 Bc5 4. d4 Bxd4 5. Nxd4 exd4 6. 0-0 d6 7. c3 d3 8. Bxd3 Nf6 9. Bg5 h6 10. Bh4 Ne5 11. Bc2 Ng6 12. Bg3 0-0 13. Nd2 Bg4 14. f3 Bd7 15. Bb3 Nh5 16. f4 Nxg3 17. hxg3 Qf6 18. Nc4 Bb5 19. Rc1 Bxc4 20. Bxc4 Rae8 21. Qd4 Qxd4+ 22. cxd4 c6 23. e5 Ne7 24. b4 Nc8 25. a4 Re7 1-0